000 00300nam a22001337a 4500
082 _a823
_bKUD
100 _aKUDAKKACHIRA, THOMAS
245 _aTWO LITTLE FRIENDS
260 _aMUMBAI
_bPAULINE
300 _a42
520 _aENGLISH SHORT STORY
650 _aENGLISH SHORT STORY
_zKERALA
942 _cBK
999 _c5951
_d5951